000 00739cam a22002653a 4500
001 481
003 PGUSA
005 20140828082948.0
008 960401s1996||||xxu|||||s|||||000 1 eng d
040 _aPGUSA
_beng
042 _adc
050 4 _aPS
100 1 _aMichelson, Miriam,
_d1870-1942
245 1 0 _aIn the Bishop's Carriage
_h[electronic resource] /
_cMiriam Michelson
260 _bProject Gutenberg,
_c1996
506 _aPublic domain in the USA.
516 _aElectronic text
653 _aDetective and mystery stories
653 _aTheft -- Fiction
653 _aCrime -- Fiction
653 _aAdventure stories
830 0 _aProject Gutenberg
_v481
856 4 0 _uhttp://www.gutenberg.org/ebooks/481
942 _cEB
999 _c229832
_d229832